Der Karpatendeutsche Erzieher Fachzeitschrift der Karpatendeutschen Erzieherschaft

Podrobná bibliografia
Nový názov:Erzieher
Ďalší autori: Thomas, Johann (Šéfredaktor, zodpovedný redaktor), Hobinka, Edgar (Šéfredaktor, zodpovedný redaktor)
Médium: Časopis
Jazyk:nemčina
Fyzický popis:5 zv. 31 cm
Vydavateľské údaje: Preßburg Karpatendeutsche Erzieherschaft 1940-1942
Predmet:

MARC

LEADER 00000cas a2200000 a 4500
001 vtls010300154
003 SK-MaSNL
005 20260425194239.0
008 110810d19401942xo mr|p 0 b0ger
040 |a SNK  |b slo  |c SNK  |e AACR2 
041 0 |a ger 
044 |a xo  |c SK 
072 7 |a 37  |x Výchova a vzdelávanie  |2 konspekt 
080 |a 050  |2 2001 
080 |a 37.0  |2 2001 
080 |a (437.6=112.2)  |2 2001 
245 0 4 |a Der Karpatendeutsche Erzieher  |b Fachzeitschrift der Karpatendeutschen Erzieherschaft 
260 |a Preßburg  |b Karpatendeutsche Erzieherschaft  |c 1940-1942 
300 |a 5 zv.  |c 31 cm 
310 |a 1x mesačne 
362 0 |a Roč. I, č. 1 (1940)-roč. V, č. 12 (1942) 
500 |a Hlav. red.: 1/1940-12/1941, Johann Thomas ; 1/1942-12/1942, Edgar Hobinka 
500 |a Vyd. Karpatendeutsche Erzieherschaft 
500 |a Tlač. Concordia, Preßburg 
500 |a Pokračoval pod názvom Der Erzieher 
500 |a Časopis písaný fraktúrou, od roč. IV. latinkou 
500 |a Rok 1941 rozdelený na roč. II. (č. 1-8) a roč. III. (č. 9-12) a rok 1942 rozdelený na roč. IV. (č. 1-8) a roč. V. (č. 9-12) 
650 0 7 |a vzdelávanie  |2 SNKPH  |9 4033 
650 0 7 |a pedagogika  |2 SNKPH  |9 955 
650 0 7 |a Karpatskí Nemci  |2 SNKPH  |9 253235 
655 7 |a pedagogické časopisy  |2 SNKPH  |9 269138 
700 1 |a Thomas, Johann  |4 pbd  |9 271995 
700 1 |a Hobinka, Edgar  |4 pbd  |9 271128 
752 |a Slovensko  |d Bratislava 
785 0 0 |t Erzieher  |w vtls010300059 
910 |a snk 
916 |a 1940-1942 
999 |c 8290  |d 10220 
952 |t č. 1-8  |a SNK  |b SNK  |y PREZ  |7 0  |p 17A0213992  |o snkČSB 1374/2/1941  |i snkČSF 14/56  |8 5  |z Ročník II. zviazaný s roč. III.  |f 1  |0 0  |1 0  |4 0  |d 1999-10-15  |l 0  |r 2005-01-02 00:00:00  |w 2026-02-21 
952 |t č. 1-12, neúplné  |a SNK  |b SNK  |y PREZ  |7 0  |p 17A0213997  |o snkČSB 1374/1/1940  |i snkČSF 15/56  |8 5  |z chýba č. 1  |f 1  |0 0  |1 0  |4 0  |d 1999-10-15  |l 0  |r 2005-01-02 00:00:00  |w 2026-02-21 
952 |a SNK  |b SNK  |y PREZ  |7 0  |p 17A0136111  |o snkČSB 1374/4/1942 D1  |0 0  |1 0  |4 0  |d 1998-04-21  |l 0  |r 2005-01-02 00:00:00  |w 2026-02-21 
952 |t č. 1-8  |a SNK  |b SNK  |y PREZ  |7 0  |p 17A0213996  |o snkČSB 1374/4/1942  |i snkČSF 13/56  |8 5  |z Ročník IV. zviazaný s roč. V.  |f 1  |0 0  |1 0  |4 0  |d 1999-10-15  |l 0  |r 2005-01-02 00:00:00  |w 2026-02-21 
952 |t č. 9-12  |a SNK  |b SNK  |y PREZ  |7 0  |p 17A1142848  |o snkČSB 1374/3/1941  |i snkČSF 14/56  |8 5  |z Ročník III. zviazaný s roč. II.  |f 1  |0 0  |1 0  |4 0  |d 2015-03-16  |l 0  |r 2026-02-21 21:15:11  |w 2026-02-21 
952 |t č. 9-12  |a SNK  |b SNK  |y PREZ  |7 0  |p 17A1142849  |o snkČSB 1374/5/1942  |i snkČSD 120/57  |8 1  |z Ročník V. zviazaný s roč. IV.  |f 1  |0 0  |1 0  |4 0  |d 2015-03-16  |l 0  |r 2026-02-21 21:15:11  |w 2026-02-21